Science Quiz

Random Science Quiz

Non-Metals and Metaloids Quiz Stats

 Plays Quiz not verified by Sporcle

Challenge
Share
Tweet
Embed
Score 0/25 Timer 03:00
0 Plays Today
Non-Metal % Correct
Oxygen
90%
Carbon
87.5%
Helium
85%
Neon
85%
Nitrogen
82.5%
Hydrogen
80%
Phosphorus
80%
Sulphur
80%
Boron
77.5%
Fluorine
77.5%
Radon
77.5%
Silicon
75%
Chlorine
75%
Non-Metal % Correct
Selenium
75%
Krypton
75%
Argon
72.5%
Bromine
67.5%
Iodine
67.5%
Xenon
67.5%
Astatine
65%
Germanium
62.5%
Arsenic
60%
Antimony
60%
Polonium
45%
Tellurium
42.5%

You're not logged in!

Compare scores with friends on all Sporcle quizzes.
OR
Log In

You Might Also Like...

Show Comments

Extras

Created May 18, 2016ReportNominate
Tags:nonmetal, Periodic Table

Top Quizzes Today


Score Distribution

Your Account Isn't Verified!

In order to create a playlist on Sporcle, you need to verify the email address you used during registration. Go to your Sporcle Settings to finish the process.

Report this User

Report this user for behavior that violates our Community Guidelines.

Details: